Tilastot visalle Maailman pääkaupungit kahdella ensimmäisellä kirjaimella 3 min

Klikkaa tästä pelataksesi tätä visaa!

Yleistilastot

  • Tätä visaa on pelattu 450 kertaa
  • Keskiarvotulos 136 / 197

Vastaustilastot

maapääkaupunki% Oikein
SomaliaMogadishu
99%
MonacoMonaco
99%
LiberiaMonrovia
99%
UruguayMontevideo
99%
KomoritMoroni
99%
VenäjäMoskova
99%
EspanjaMadrid
96%
MarshallinsaaretMajuro
96%
Päiväntasaajan GuineaMalabo
96%
MalediivitMalé
96%
NicaraguaManagua
96%
BahrainManama
96%
FilippiinitManila
96%
MosambikMaputo
96%
LesothoMaseru
96%
OmanMasqat
96%
KiribatiSouth Tarawa
96%
GrenadaSaint George's
94%
Antigua ja BarbudaSaint John's
94%
JemenSanaá
94%
Costa RicaSan José
94%
San MarinoSan Marino
94%
El SalvadorSan Salvador
94%
ChileSantiago de Chile
94%
Dominikaaninen
tasavalta
Santo Domingo
94%
São Tomé ja PríncipeSão Tomé
94%
Bosnia ja
Hertsegovina
Sarajevo
94%
SuomiHelsinki
93%
GabonLibreville
93%
MalawiLilongwe
93%
PeruLima
93%
PortugaliLissabon
93%
TogoLomé
93%
Yhdistynyt
kuningaskunta
Lontoo
93%
MikronesiaPalikir
93%
PanamaPanamá
93%
SurinameParamaribo
93%
RanskaPariisi
93%
TanskaKööpenhamina
92%
Etelä-AfrikkaKapkaupunki,
Bloemfontein
tai Pretoria,
91%
RuotsiTukholma
90%
TunisiaTunis
90%
LiechtensteinVaduz
90%
MaltaValletta
90%
PuolaVarsova
90%
VatikaanivaltioVatikaanivaltio
90%
LibanonBeirut
89%
SerbiaBelgrad
89%
BelizeBelmopan
89%
SaksaBerliini
89%
SveitsiBern
89%
RuandaKigali
88%
JamaikaKingston
88%
Saint Vincent
ja Grenadiinit
Kingstown
88%
Kongon dem tasKinshasa
88%
UkrainaKiova
88%
ItaliaRooma
88%
DominicaRoseau
88%
KreikkaAteena
87%
AngolaLuanda
87%
SambiaLusaka
87%
LuxemburgLuxemburg
87%
IslantiReykjavík
86%
TaiwanTaipei
86%
ViroTallinna
86%
UzbekistanTaškent
86%
JordaniaAmman
85%
AlankomaatAmsterdam
85%
BrasiliaBrasília
85%
SlovakiaBratislava
85%
Kongon tasavaltaBrazzaville
85%
BarbadosBridgetown
85%
BelgiaBryssel
85%
SeychellitVictoria
85%
LaosVientiane
85%
LiettuaVilna
85%
AndorraAndorra
la Vella
84%
TurkkiAnkara
84%
MadagaskarAntananarivo
84%
NorjaOslo
84%
Saudi-ArabiaRiad
84%
LatviaRiika
84%
BulgariaSofia
84%
Etelä-KoreaSoul
84%
IrakBagdad
83%
AzerbaidžanBaku
83%
MaliBamako
83%
BruneiBandar Seri
Begawan
83%
ThaimaaBangkok
83%
Keski-Afrikan tasavaltaBangui
83%
GambiaBanjul
83%
Saint Kitts ja NevisBasseterre
83%
UnkariBudapest
83%
ArgentiinaBuenos Aires
83%
RomaniaBukarest
83%
IrlantiDublin
81%
TadžikistanDušanbe
81%
AfganistanKabul
81%
EgyptiKairo
81%
UgandaKampala
81%
NepalKathmandu
81%
BeninPorto-Novo tai
Cotonou
77%
PalestiinaRamallah tai
Itä-Jerusalem
76%
MontenegroPodgorica
75%
HaitiPort-au-Prince
75%
MauritiusPort Louis
75%
Papua-Uusi-GuineaPort Moresby
75%
Trinidad ja TobagoPort-of-Spain
75%
VanuatuPort Vila
75%
KiinaPeking
74%
Valko-VenäjäMinsk
73%
ItävaltaWien
73%
NamibiaWindhoek
73%
TšekkiPraha
72%
Cabo VerdePraia
72%
KosovoPristina
72%
AlbaniaTirana
72%
YhdysvallatWashington
71%
PalauNgerulmud
70%
MeksikoMéxico
69%
JapaniTokio
69%
VietnamHanoi
66%
ZimbabweHarare
66%
KuubaHavana
66%
BoliviaLa Paz tai Sucre
65%
IntiaNew Delhi
65%
ArmeniaJerevan
63%
IsraelJerusalem
63%
KeniaNairobi
63%
BahamaNassau
63%
MyanmarNaypyidaw
63%
KroatiaZagreb
63%
MalesiaKuala Lumpur
61%
KuwaitKuwait City
61%
KazakstanNur-Sultan
60%
HondurasTegucigalpa
60%
IranTeheran
60%
NigerNiamey
58%
KyprosNikosia
58%
SingaporeSingapore
56%
AustraliaCanberra
55%
VenezuelaCaracas
55%
Saint LuciaCastries
55%
IndonesiaJakarta
55%
MoldovaChișinău
54%
KanadaOttawa
53%
TansaniaDodoma
52%
QatarDoha
52%
KolumbiaBogotá
51%
Uusi-SeelantiWellington
51%
SenegalDakar
50%
SyyriaDamaskos
50%
SloveniaLjubljana
49%
AlgeriaAlger
48%
TurkmenistanAšgabat
46%
EritreaAsmara
46%
ParaguayAsunción
46%
Pohjois-MakedoniaSkopje
46%
KirgisiaBiškek
43%
Guinea-BissauBissau
43%
GuatemalaGuatemala City
43%
PakistanIslamabad
43%
SalomonsaaretHoniara
40%
MarokkoRabat
38%
FidžiSuva
38%
Yhdistyneet
arabiemiirikunnat
Abu Dhabi
37%
NigeriaAbuja
37%
Sri LankaColombo
37%
Pohjois-KoreaPjongjang
37%
Timor-LesteDili
34%
MauritaniaNouakchott
31%
TongaNukuʻalofa
31%
BotswanaGaborone
28%
GuyanaGeorgetown
28%
KambodžaPhnom Penh
28%
MongoliaUlaanbaatar
28%
GuineaConakry
27%
EtiopiaAddis Ababa
26%
LibyaTripoli
26%
BangladeshDhaka
25%
Etelä-SudanJuba
25%
GeorgiaTbilisi
23%
DjiboutiDjibouti
22%
GhanaAccra
19%
SamoaApia
19%
BhutanThimphu
19%
Burkina FasoOuagadougou
17%
EcuadorQuito
17%
TuvaluFunafuti
15%
Côte d’IvoireYamoussoukro
15%
KamerunYaoundé
15%
NauruYaren
15%
EswatiniMbabane
14%
BurundiGitega
13%
Sierra LeoneFreetown
11%
TšadN'Djamena
11%
SudanKhartoum
9%

Tulosjakauma

Persentiili vastausten määrän mukaan

Jokaisen tuloksen saaneiden osuus

Tuloshistoriasi

Et ole pelannut tätä visaa